000 00404cam a22001097a 4500
008 180718b1986 xxu||||| |||| 00| 0 eng d
082 _aBA27x54 In2we
245 _aWelfare of scheduled castes and scheduled tribes (constitutional safegaurds and role of parliament)
_cby Lok Sabha Secretariat
260 _aNew Delhi
_bLok Sabha Secretariat
_c1986
300 _a109+p.
700 _aIndia. Lok Sabha Secretariat
999 _c489126
_d489126